Laddar...

Indulekha /

Bibliografiska uppgifter
Huvudupphovsman: Chandu Menon, O.
Övriga upphovsmän: Anitha Devasia, Tr
Materialtyp: Printed Book
Publicerad: New Delhi : Oxford University Press , 2005.
Ämnen:
LEADER 00557cam a2200169ua 4500
999 |c 28927  |d 28927 
020 |a 9780195669336 
082 1 4 |a 894.8123  |b CHA-I 
100 1 |a Chandu Menon, O. 
245 1 0 |a Indulekha /  
260 |a New Delhi :   |b Oxford University Press ,   |c 2005. 
300 |a 287p. ;  
650 0 |a Indian literature in english 
650 0 |a Malayalamliterature- fiction 
700 |a Anitha Devasia, Tr. 
942 |c BK 
952 |0 0  |1 0  |4 0  |6 894_812300000000000_CHAI  |7 0  |9 37064  |a KU  |b KU  |d 2015-07-05  |g 295.00  |l 2  |o 894.8123 CHA-I  |p EN13917  |r 2018-09-28  |s 2018-09-12  |y BK